Brasileirão All-Time Table - Statistics

General Stats
  • This quiz has been taken 815 times
  • The average score is 17 of 20
Answer Stats
Points Answer % Correct
2351 Flamengo
99%
2367 Palmeiras
98%
2278 Santos
98%
2427 São Paulo
98%
2323 Corinthians
96%
2097 Fluminense
95%
1902 Vasco da Gama
94%
1898 Botafogo
93%
2185 Cruzeiro
93%
2268 Grêmio
93%
2342 Atlético Mineiro
92%
2373 Internacional
92%
1390 Bahia
86%
1757 Athletico Paranaense
79%
1161 Sport
74%
1154 Vitória
72%
1351 Coritiba
69%
1428 Goiás
56%
889 Guarani
43%
900 Portuguesa
34%
No matching quizzes found
Score Distribution
Percent of People with Each Score
Percentile by Number Answered
Your Score History
You have not taken this quiz